[Event "Chigorin Memorial Open"]
[Site "St Petersburg RUS"]
[Date "2011.10.22"]
[Round "9.4"]
[White "Zvjaginsev, Vadim"]
[Black "Kovalenko, Igor"]
[Result "1-0"]
[WhiteTitle "GM"]
[BlackTitle "IM"]
[WhiteElo "2666"]
[BlackElo "2578"]
[WhiteFideId "4113403"]
[BlackFideId "14117908"]
[EventDate "2011.10.14"]

1. e4 e6 2. d4 d5 3. e5 c5 4. c3 Nc6 5. Nf3 Bd7 6. Be2 Nge7 7. Na3 cxd4 8. cxd4
Nf5 9. Nc2 Nh4 10. Nxh4 Qxh4 11. O-O f5 12. Be3 Qd8 13. Bh5+ g6 14. Be2 Be7 15.
Bh6 Qb6 16. Qd2 Nd8 17. a4 Rc8 18. b4 Nf7 19. Be3 g5 20. g3 h5 21. a5 Qd8 22. a6
b6 23. Na3 h4 24. Rfc1 hxg3 25. fxg3 Rxc1+ 26. Rxc1 g4 27. Nb5 Bxb5 28. Bxb5+
Kf8 29. Rc6 Qe8 30. Rxb6 Qc8 31. Rb7 Nd8 32. Bh6+ 1-0

[Event "Chigorin Memorial Open"]
[Site "St Petersburg RUS"]
[Date "2011.10.22"]
[Round "9.5"]
[White "Deviatkin, Andrei"]
[Black "Azarov, Sergei"]
[Result "0-1"]
[WhiteTitle "GM"]
[BlackTitle "GM"]
[WhiteElo "2580"]
[BlackElo "2648"]
[WhiteFideId "4121260"]
[BlackFideId "13501470"]
[EventDate "2011.10.14"]

1. e4 e5 2. Nf3 Nc6 3. Bb5 f5 4. Nc3 fxe4 5. Nxe4 Nf6 6. Nxf6+ Qxf6 7. Qe2 Be7
8. Bxc6 bxc6 9. Qxe5 d6 10. Qxf6 Bxf6 11. d3 O-O 12. Rb1 Bg4 13. Be3 Rab8 14.
Kd2 c5 15. b3 a5 16. Ng1 Rbe8 17. h4 Re5 18. Ne2 Bxe2 19. Kxe2 Re6 20. h5 Bc3
21. Rbf1 d5 22. Kd1 a4 23. Bxc5 Rfe8 24. Be3 d4 25. Bd2 axb3 26. axb3 Ra8 27.
Rh4 Ra1+ 28. Bc1 Bb2 29. Kd2 Rxc1 30. Rhh1 Rxf1 31. Rxf1 Bc3+ 32. Kd1 Kf7 33. f4
Re3 34. g4 h6 35. g5 c5 36. Rg1 Ke6 37. Rh1 Kf5 38. gxh6 gxh6 0-1

[Event "Chigorin Memorial Open"]
[Site "St Petersburg RUS"]
[Date "2011.10.22"]
[Round "9.6"]
[White "Shomoev, Anton"]
[Black "Matlakov, Maxim"]
[Result "1-0"]
[WhiteTitle "GM"]
[BlackTitle "GM"]
[WhiteElo "2577"]
[BlackElo "2630"]
[WhiteFideId "4135148"]
[BlackFideId "4168003"]
[EventDate "2011.10.14"]

1. d4 Nf6 2. c4 g6 3. Nc3 d5 4. Nf3 Bg7 5. Qa4+ c6 6. cxd5 Nxd5 7. e4 Nb6 8. Qc2
Bg4 9. Ne5 Be6 10. Be3 O-O 11. Rd1 N8d7 12. Nf3 Bg4 13. Be2 Qc7 14. h3 Bxf3 15.
Bxf3 e5 16. dxe5 Nxe5 17. Be2 Nec4 18. Bc1 Qe7 19. O-O a5 20. Nb1 Nd6 21. Be3
Nbc8 22. Bd3 a4 23. Bc5 Re8 24. Nc3 b6 25. Ba3 Qa7 26. Kh1 Qa5 27. Ne2 c5 28.
Nc3 Ne7 29. f4 Nc6 30. e5 Nb4 31. Bxb4 cxb4 32. Ne4 Nf5 33. Qf2 Qd5 34. Bb1 Qb7
35. Ng5 Rad8 36. Be4 Qc7 37. Rc1 Qe7 38. Bxf5 gxf5 39. Qxb6 Bxe5 40. Qh6 Bxb2
41. Qxh7+ Kf8 42. Rc5 Rd6 43. Rxf5 Bf6 44. Kh2 Qd7 45. Qh6+ Bg7 46. Rxf7+ Qxf7
47. Qxd6+ Qe7 48. Qd5 Bc3 49. Rf3 1-0

[Event "Chigorin Memorial Open"]
[Site "St Petersburg RUS"]
[Date "2011.10.22"]
[Round "9.8"]
[White "Volkov, Sergey"]
[Black "Neverov, Valeriy"]
[Result "1/2-1/2"]
[WhiteTitle "GM"]
[BlackTitle "GM"]
[WhiteElo "2614"]
[BlackElo "2508"]
[WhiteFideId "4122763"]
[BlackFideId "14100150"]
[EventDate "2011.10.14"]

1. d4 d5 2. c4 c6 3. Nf3 Nf6 4. e3 g6 5. b3 Bg7 6. Bb2 Bg4 7. Nbd2 Ne4 8. Be2
Nxd2 9. Qxd2 Nd7 10. cxd5 cxd5 11. Qb4 Qb6 12. Qxb6 Nxb6 13. Ba3 Bxf3 14. Bxf3
e6 15. Rc1 Bf8 16. Bc5 Bxc5 17. Rxc5 Nc8 18. e4 dxe4 19. Bxe4 Nd6 20. Bf3 Kd7
21. Kd2 Rac8 22. Re1 b6 23. Rxc8 Rxc8 24. d5 exd5 25. Bxd5 Rc5 26. Bf3 Ra5 27.
a4 b5 28. Rc1 bxa4 29. Bc6+ Kd8 30. Bxa4 Rd5+ 31. Ke1 Re5+ 32. Kf1 a5 33. f3 h5
34. Kf2 Rd5 35. Rc2 Ke7 36. Rc7+ Kf6 37. Ke2 h4 38. g3 hxg3 39. hxg3 Re5+ 40.
Kf2 Rd5 41. Ra7 g5 42. g4 1/2-1/2

[Event "Chigorin Memorial Open"]
[Site "St Petersburg RUS"]
[Date "2011.10.22"]
[Round "9.9"]
[White "Gabrielian, Artur"]
[Black "Jumabayev, Rinat"]
[Result "1-0"]
[WhiteTitle "GM"]
[BlackTitle "GM"]
[WhiteElo "2531"]
[BlackElo "2589"]
[WhiteFideId "4131002"]
[BlackFideId "13702661"]
[EventDate "2011.10.14"]

1. e4 c5 2. Nf3 e6 3. d4 cxd4 4. Nxd4 a6 5. Nc3 b5 6. Bd3 Bb7 7. O-O Bc5 8. Nb3
Be7 9. e5 Nc6 10. Re1 d6 11. exd6 Qxd6 12. a4 b4 13. Ne4 Qd5 14. c4 bxc3 15.
Nxc3 Qd8 16. Be4 Nf6 17. Bf3 Qc7 18. Be3 Rd8 19. Qe2 Nb4 20. Rac1 Bxf3 21. Qxf3
Qb8 22. Nd4 O-O 23. Red1 Rc8 24. Bf4 Qb6 25. Be3 Qb8 26. Bf4 Qa8 27. Qe2 Qb7 28.
Bg5 Rfd8 29. h3 h6 30. Bh4 Nfd5 31. Nxd5 Bxh4 32. Rxc8 Rxc8 33. Nxb4 Qxb4 34.
Nf3 Bf6 35. Qxa6 Rb8 36. Rc1 Qxb2 37. Rc8+ Rxc8 38. Qxc8+ Kh7 39. Qc4 g6 40. g3
Kg7 41. Kg2 Bc3 42. Qb5 Qa2 43. Qc5 Qa1 44. h4 Bf6 45. Qb5 e5 46. Qc4 Bd8 47.
Qe4 Bf6 48. g4 g5 49. h5 Qc3 50. Ng1 Bd8 51. Ne2 Qc5 52. Ng3 Bb6 53. Qf3 Qc4 54.
Nf5+ Kh7 55. Nd6 Qf4 56. Qxf4 exf4 57. Nc4 Bc5 58. a5 Kg7 59. Ne5 f5 60. gxf5
Ba7 61. Ng4 Kf7 62. Kf3 1-0

[Event "Chigorin Memorial Open"]
[Site "St Petersburg RUS"]
[Date "2011.10.22"]
[Round "9.11"]
[White "Malakhatko, Vadim"]
[Black "Kuzubov, Yuriy"]
[Result "1-0"]
[WhiteTitle "GM"]
[BlackTitle "GM"]
[WhiteElo "2543"]
[BlackElo "2623"]
[WhiteFideId "14104202"]
[BlackFideId "14112906"]
[EventDate "2011.10.14"]

1. d4 f5 2. Nc3 d5 3. Bf4 c6 4. e3 Nd7 5. Bd3 e6 6. Nce2 Ngf6 7. Nf3 Be7 8. h3
Ne4 9. O-O O-O 10. c4 Bf6 11. Bh2 Qe7 12. Qc2 g5 13. Rac1 Kh8 14. Ne5 Bxe5 15.
Bxe5+ Nxe5 16. dxe5 Bd7 17. cxd5 exd5 18. f3 Qxe5 19. fxe4 fxe4 20. Qc5 Kg8 21.
Bc2 g4 22. hxg4 Bxg4 23. Nf4 Rf6 24. Bd1 Bd7 25. Rc2 Raf8 26. Rcf2 b6 27. Qc3
Qg5 28. Nh5 Rxf2 29. Rxf2 Rxf2 30. Kxf2 Kf7 31. Qh8 Bf5 32. Qe5 Qh4+ 33. g3 Qh2+
34. Ke1 Qg1+ 35. Kd2 Qf2+ 36. Be2 Bg6 37. Qg7+ Ke6 38. Nf4+ Kd6 39. Qf8+ 1-0

[Event "Chigorin Memorial Open"]
[Site "St Petersburg RUS"]
[Date "2011.10.22"]
[Round "9.14"]
[White "Alekseenko, Kirill"]
[Black "Rakhmanov, Aleksandr"]
[Result "1/2-1/2"]
[WhiteTitle "FM"]
[BlackTitle "GM"]
[WhiteElo "2303"]
[BlackElo "2592"]
[WhiteFideId "4135539"]
[BlackFideId "4173708"]
[EventDate "2011.10.14"]

1. e4 c5 2. Nf3 Nf6 3. Nc3 d5 4. exd5 Nxd5 5. Bb5+ Bd7 6. Ne5 Nf6 7. Nxd7 Nbxd7
8. d4 e6 9. dxc5 Bxc5 10. O-O a6 11. Bd3 Ne5 12. Be4 Qxd1 13. Rxd1 Nfg4 14. Bxb7
Nxf2 15. Bxa8 Nxd1+ 16. Kf1 Nxc3 17. bxc3 Nc4 18. Bf3 Nd6 19. Bf4 Ke7 20. Rb1
Rc8 21. Be2 a5 22. Ba6 Rd8 23. Bd3 h6 24. Be5 f6 25. Bxd6+ Bxd6 26. Rb7+ Rd7 27.
Rxd7+ Kxd7 28. h4 h5 29. Bg6 Bg3 30. Bxh5 Bxh4 31. c4 f5 32. Bg6 Kd6 33. c5+
Kxc5 34. g4 fxg4 35. c3 Bf6 36. Bf7 e5 37. Be6 g3 38. Kg2 Bh4 39. Bf7 e4 40. Bg6
e3 41. Bd3 Bf6 42. Kxg3 Bxc3 43. Kf3 Kd4 44. Bg6 Bb4 45. Ke2 Bc5 46. Bf5 a4 47.
Bd7 a3 48. Be6 Kc3 49. Kd1 Kb2 50. Bg4 Kc3 51. Ke2 g5 52. Be6 Kc2 53. Bg4 Kc3
54. Be6 Kd4 55. Bd7 Ke4 56. Bc8 Kf4 57. Bd7 Kg3 58. Bc8 Kh4 59. Bd7 g4 60. Bc8
g3 61. Bb7 Kh3 62. Kf1 Bb6 63. Bc6 Kg4 64. Ke2 Kf4 65. Bg2 Ke5 66. Kd3 Kd6 67.
Bh1 1/2-1/2

[Event "Chigorin Memorial Open"]
[Site "St Petersburg RUS"]
[Date "2011.10.22"]
[Round "9.15"]
[White "Burmakin, Vladimir"]
[Black "Rozum, Ivan"]
[Result "1-0"]
[WhiteTitle "GM"]
[BlackTitle "IM"]
[WhiteElo "2588"]
[BlackElo "2481"]
[WhiteFideId "4105109"]
[BlackFideId "24104272"]
[EventDate "2011.10.14"]

1. d4 Nf6 2. Nf3 g6 3. g3 Bg7 4. Bg2 O-O 5. c4 d6 6. O-O Nc6 7. Nc3 a6 8. b3 Rb8
9. Nd5 Nh5 10. Bb2 e6 11. Ne3 f5 12. Qc1 Ne7 13. c5 b5 14. Rd1 h6 15. Qd2 Bb7
16. Rac1 Nf6 17. Qa5 Nc6 18. Qe1 Ne7 19. Nd2 f4 20. Nef1 Bxg2 21. Kxg2 g5 22. e3
fxg3 23. hxg3 g4 24. cxd6 cxd6 25. e4 Ng6 26. Ne3 h5 27. Qe2 Rb7 28. Rh1 Rbf7
29. Rcf1 Qa8 30. d5 e5 31. f3 Qc8 32. fxg4 Nxg4 33. Nxg4 hxg4 34. Rxf7 Rxf7 35.
Rc1 Qd7 36. Rf1 Nf4+ 37. gxf4 exf4 38. Bxg7 f3+ 39. Nxf3 gxf3+ 40. Rxf3 Qg4+ 41.
Kf2 Rxg7 42. Ke3 Qg1+ 43. Kd3 Rc7 44. Rf1 Qg7 45. Qe1 Qe5 46. Rf3 Qb2 47. Qg3+
Rg7 48. Qf2 Qb1+ 49. Qc2 Qxc2+ 50. Kxc2 Rg2+ 51. Kd3 Kg7 52. a3 Ra2 53. e5 dxe5
54. d6 Ra1 55. Ke4 Re1+ 56. Kd5 e4 57. Rf4 e3 58. Ke6 Rd1 59. Re4 Rd3 60. Ke7 1-0

[Event "Chigorin Memorial Open"]
[Site "St Petersburg RUS"]
[Date "2011.10.22"]
[Round "9.16"]
[White "Vorobiov, Evgeny E."]
[Black "Ajrapetian, Gevorg"]
[Result "1-0"]
[WhiteTitle "GM"]
[BlackTitle "IM"]
[WhiteElo "2581"]
[BlackElo "2420"]
[WhiteFideId "4121341"]
[BlackFideId "4174232"]
[EventDate "2011.10.14"]

1. Nf3 c5 2. c4 b6 3. Nc3 Bb7 4. e3 Nf6 5. d4 cxd4 6. exd4 e6 7. Be2 Be7 8. O-O
O-O 9. d5 exd5 10. cxd5 Bb4 11. Bg5 Bxc3 12. bxc3 h6 13. Bh4 d6 14. Nd4 Nbd7 15.
Nf5 Bxd5 16. Bb5 Be6 17. Bxd7 Qxd7 18. Nxg7 Kxg7 19. Qd4 Kh7 20. Qxf6 Rg8 21.
Bg3 Qc6 22. Rad1 Rg6 23. Qf4 Bxa2 24. h4 Be6 25. Rxd6 Qb7 26. Rfd1 a5 27. Qe3 a4
28. Rxb6 Qc8 29. h5 Rg5 30. Qe4+ Bf5 31. Qe7 Be6 32. Re1 Rg7 33. Be5 Rg8 34. Qf6
Qf8 35. Bd4 Re8 36. Rb7 Rxg2+ 37. Kxg2 Bd5+ 38. Kh2 Rxe1 39. Qg6# 1-0

[Event "Chigorin Memorial Open"]
[Site "St Petersburg RUS"]
[Date "2011.10.22"]
[Round "9.19"]
[White "Sychev, Klementy"]
[Black "Zontakh, Andrey"]
[Result "1/2-1/2"]
[BlackTitle "GM"]
[WhiteElo "2389"]
[BlackElo "2569"]
[WhiteFideId "4114060"]
[BlackFideId "14101130"]
[EventDate "2011.10.14"]

1. e4 g6 2. d4 Bg7 3. Nc3 d6 4. Bg5 a6 5. Bc4 Nc6 6. Nf3 Bg4 7. h3 Bxf3 8. Qxf3
Nf6 9. O-O-O h6 10. Bh4 O-O 11. e5 Nh7 12. Qe4 dxe5 13. dxe5 Qc8 14. f4 e6 15.
g4 Re8 16. Bg3 Ne7 17. h4 b5 18. Be2 f5 19. exf6 Nxf6 20. Qf3 h5 21. gxh5 Nxh5
22. Bh2 Rf8 23. Rhg1 Qe8 24. Qg4 Qf7 25. Kb1 Rad8 26. Rxd8 Rxd8 27. Qg5 Qf6 28.
Qxf6 Nxf6 29. Bd3 Kf7 30. a4 c6 31. axb5 axb5 32. Bg3 Nf5 33. Bf2 Bh6 34. Ne4
Bxf4 35. Nxf6 Kxf6 36. Be4 Rd2 37. Bc5 Bd6 38. Bb6 c5 39. Bd8+ Be7 40. Bc7 Rd4
41. Bc6 b4 42. h5 gxh5 43. Be8 Rg4 44. Re1 h4 45. Bd7 Ng7 46. Be5+ Kf5 47. Bxg7
Rxg7 48. Bxe6+ Kf4 49. Rf1+ Ke3 50. Ka2 Rg3 51. Rf7 Bg5 52. Rf5 Be7 53. Rf7 Bd8
54. Rf5 Rg6 55. Bd7 Rg7 56. Be6 Be7 57. Kb3 Rg3 58. Ka2 Kd2 59. Rf2+ Ke1 60. Rf7
Bd8 61. Rf5 Rg6 62. Bd7 Rg7 63. Be6 Be7 64. Rf4 Bg5 65. Rf5 Be3 66. Kb3 Re7 67.
Bc8 Re4 68. c3 bxc3 69. bxc3 Bf2 70. Rf7 Ke2 71. Ba6+ Ke3 72. Bb7 Re5 73. Bc8
Re8 74. Bg4 Bg3 75. Bd7 Rh8 76. Kc4 h3 77. Bxh3 Rxh3 78. Kxc5 Rh5+ 79. Kb4 Be5
80. Rd7 Rh1 81. c4 Bd4 82. Kb5 Kd3 83. c5 Rb1+ 84. Ka6 Rc1 85. Rc7 Bxc5 86. Kb5
Kd4 87. Rd7+ Ke5 88. Rc7 Kd5 89. Rb7 Bd6 90. Ka6 Ra1+ 91. Kb5 Ra2 92. Kb6 Bc5+
93. Kb5 Rb2+ 94. Ka6 Rg2 95. Kb5 Bd6 96. Kb6 Rc2 97. Kb5 Bc7 98. Ka6 Kc6 99.
Rb6+ Kd7 100. Rb3 Rc5 101. Rb5 Rc4 102. Rb3 Bd6 103. Kb5 Rc5+ 104. Kb6 Rd5 105.
Rb5 Bc7+ 106. Ka6 Rd6+ 107. Kb7 Bd8 108. Rb4 Ke6 109. Rb5 Rd3 110. Kc6 Be7 111.
Rb7 Rc3+ 112. Kb5 Bc5 113. Kc6 Bd4+ 114. Kb5 Rc5+ 115. Kb4 Rh5 116. Kc4 Rh4 117.
Rb3 Kd6 118. Rd3 Ke5 119. Rb3 Rh1 120. Rb5+ Ke4 121. Rb7 Rc1+ 122. Kb5 Rc5+ 123.
Kb4 Kd3 124. Kb3 Rc6 125. Kb4 Rc1 126. Kb5 Ra1 127. Kc6 Kc4 128. Rd7 Bc5 129.
Rf7 Ra6+ 130. Kd7 Rd6+ 131. Ke8 Bb4 132. Rc7+ 1/2-1/2

[Event "Chigorin Memorial Open"]
[Site "St Petersburg RUS"]
[Date "2011.10.22"]
[Round "9.20"]
[White "Krylov, Mikhail"]
[Black "Shimanov, Aleksandr"]
[Result "1/2-1/2"]
[WhiteTitle "IM"]
[BlackTitle "GM"]
[WhiteElo "2471"]
[BlackElo "2565"]
[WhiteFideId "4151364"]
[BlackFideId "4198603"]
[EventDate "2011.10.14"]

1. d4 Nf6 2. c4 e6 3. g3 c5 4. Nf3 cxd4 5. Nxd4 Nc6 6. Bg2 Qb6 7. Nc2 d5 8. O-O
dxc4 9. Ne3 Qa6 10. Nd2 Be7 11. Nexc4 O-O 12. b3 b5 13. Ne5 Bb7 14. Nxc6 Bxc6
15. e4 Qa5 16. e5 Bxg2 17. Kxg2 Nd7 18. Nf3 Rfd8 19. Qe2 Rac8 20. a4 b4 21. Qb5
Qc7 22. Be3 Rb8 23. Rac1 Qb7 24. Qxb7 Rxb7 25. Rfd1 Kf8 26. a5 a6 27. Rc6 Ra8
28. Rdc1 Bd8 29. Rc8 Rbb8 30. Rxb8 Rxb8 31. Rc6 Ra8 32. Bc5+ Nxc5 33. Rxc5 Ke8
34. Nd4 Kd7 35. f4 Rc8 36. Rxc8 Kxc8 37. Nc6 Bc7 38. Kf3 Kb7 39. Nxb4 Bxa5 40.
Nd3 Kc6 41. Ke4 Bc3 42. g4 1/2-1/2

[Event "Chigorin Memorial Open"]
[Site "St Petersburg RUS"]
[Date "2011.10.22"]
[Round "9.21"]
[White "Popov, Valerij"]
[Black "Melnikov, Dmitry"]
[Result "1-0"]
[WhiteTitle "GM"]
[BlackTitle "FM"]
[WhiteElo "2545"]
[BlackElo "2299"]
[WhiteFideId "4119410"]
[BlackFideId "4146468"]
[EventDate "2011.10.14"]

1. c4 e5 2. g3 Nf6 3. Bg2 d5 4. cxd5 Nxd5 5. Nc3 Nb6 6. Nf3 Nc6 7. O-O Be7 8. a3
O-O 9. b4 Be6 10. Rb1 f6 11. d3 a5 12. b5 Nd4 13. Nd2 Ra7 14. e3 Nf5 15. Qc2 Nh6
16. Rd1 Bg4 17. Nf3 Qe8 18. h3 Bf5 19. e4 Be6 20. d4 a4 21. dxe5 fxe5 22. Nxe5
Qh5 23. Nd3 Bb3 24. Rxb3 axb3 25. Qxb3+ Qf7 26. Qc2 Qc4 27. Nb2 Qe6 28. a4 Bc5
29. Nd3 Bd4 30. Ne2 Rxa4 31. Ndf4 Bxf2+ 32. Kxf2 g5 33. Qxc7 gxf4 34. Bxf4 Nf7
35. Qxb7 Nd6 36. Qc6 1-0

[Event "Chigorin Memorial Open"]
[Site "St Petersburg RUS"]
[Date "2011.10.22"]
[Round "9.22"]
[White "Korobov, Anton"]
[Black "Guliev, Logman"]
[Result "1-0"]
[WhiteTitle "GM"]
[BlackTitle "IM"]
[WhiteElo "2671"]
[BlackElo "2447"]
[WhiteFideId "14105730"]
[BlackFideId "13400061"]
[EventDate "2011.10.14"]

1. d4 Nf6 2. c4 e6 3. Nc3 Bb4 4. e3 O-O 5. Bd3 c5 6. Nf3 d5 7. O-O cxd4 8. exd4
dxc4 9. Bxc4 b6 10. Bg5 Bb7 11. Re1 Nbd7 12. Rc1 Rc8 13. Qb3 Bxc3 14. Rxc3 Bd5
15. Nd2 Re8 16. Qa3 Nf8 17. Bb5 Rxc3 18. bxc3 Re7 19. c4 Ba8 20. d5 Rc7 21. Qg3
Ng6 22. Ne4 Rc8 23. Nd6 Rc5 24. Be8 Rc7 25. dxe6 fxe6 26. Bxg6 hxg6 27. Bxf6
gxf6 28. Rxe6 Bc6 29. h4 Kh7 30. Qf4 Kg7 31. h5 Bd7 32. Rxf6 Bf5 33. Qg5 1-0

[Event "Chigorin Memorial Open"]
[Site "St Petersburg RUS"]
[Date "2011.10.22"]
[Round "9.23"]
[White "Kokarev, Dmitry"]
[Black "Tunik, Gennady"]
[Result "1/2-1/2"]
[WhiteTitle "GM"]
[BlackTitle "GM"]
[WhiteElo "2619"]
[BlackElo "2412"]
[WhiteFideId "4132181"]
[BlackFideId "4101219"]
[EventDate "2011.10.14"]

1. e4 c5 2. Nf3 e6 3. d4 cxd4 4. Nxd4 a6 5. Bd3 Bc5 6. Nb3 Be7 7. O-O d6 8. Qg4
g6 9. Qe2 Nc6 10. a4 b6 11. Na3 Ne5 12. a5 b5 13. c4 bxc4 14. Nxc4 Nxc4 15. Bxc4
Bb7 16. e5 d5 17. Bd3 h5 18. Be3 Nh6 19. Bb6 Qb8 20. Nc5 Bxc5 21. Bxc5 f5 22.
exf6 Kf7 23. Rfe1 Re8 24. h3 e5 25. Be7 Ng8 26. Qxe5 Qxe5 27. Rxe5 Nxf6 28. Bxf6
Kxf6 29. Rxe8 Rxe8 30. Rc1 g5 31. Kf1 h4 32. b4 Rb8 33. Ke2 Ke5 34. Rc7 Bc8 35.
Rc6 g4 36. hxg4 Bxg4+ 37. f3 Bc8 38. Ke3 d4+ 39. Kf2 Be6 40. Rb6 Rc8 41. f4+ Kd5
42. f5 Bxf5 43. Bxa6 Rc2+ 44. Ke1 Ke4 45. Rc6 Rxc6 46. Bb7 Ke3 47. Bxc6 d3 48.
Ba4 Bg4 49. Kf1 d2 50. Kg1 d1=Q+ 51. Bxd1 Bxd1 52. a6 Ba4 53. a7 Bc6 54. b5 Bb7
55. Kh2 Kf4 56. Kh3 1/2-1/2

[Event "Chigorin Memorial Open"]
[Site "St Petersburg RUS"]
[Date "2011.10.22"]
[Round "9.24"]
[White "Sakaev, Konstantin"]
[Black "Mozharov, Mikhail"]
[Result "1/2-1/2"]
[WhiteTitle "GM"]
[BlackTitle "IM"]
[WhiteElo "2609"]
[BlackElo "2459"]
[WhiteFideId "4104226"]
[BlackFideId "4189825"]
[EventDate "2011.10.14"]

1. d4 Nf6 2. c4 e6 3. Nf3 b6 4. g3 Ba6 5. Qb3 Bb7 6. Bg2 Be7 7. O-O O-O 8. Nc3
d5 9. cxd5 exd5 10. Bf4 c6 11. Ne5 Nbd7 12. Rfd1 Nh5 13. Nxd7 Qxd7 14. Bd2 Rfe8
15. Rac1 Nf6 16. Qa4 h6 17. Bf4 Qe6 18. a3 Nh5 19. Bd2 Nf6 20. Be1 Bd6 21. e3
Qf5 22. Qc2 Qh5 23. Qe2 Qg6 24. Qd3 Qxd3 25. Rxd3 Rac8 26. Rdd1 Ba6 27. Bf1 Bxf1
28. Kxf1 Ne4 29. Ne2 Kf8 30. Rc2 Ke7 31. f3 Ng5 32. Kg2 Kd7 33. Bf2 f5 34. h4
Nh7 35. h5 Nf6 36. Rh1 Rc7 37. Rd2 Ke6 38. Rd3 Rb7 39. Be1 Ra8 40. Bc3 a5 41.
Kf2 Re8 42. Rd2 Rg8 43. Rc2 Rc8 44. Nc1 Rf7 45. Nd3 Rb7 46. Bd2 Rbc7 47. Rcc1
Ra8 48. Bc3 Rg8 49. Rcg1 Rf8 50. Ke2 Re7 51. Rg2 Rfe8 52. Rh4 Rf8 53. Rg1 Rc7
54. Kf2 Rcf7 55. Rc1 Rc7 56. Rh2 Rg8 57. Bd2 Ra8 58. Rhh1 Rf8 59. Rc3 Rb8 60.
Rb3 Rbb7 61. Rc3 Rb8 62. Rc2 Rf8 63. Be1 Re8 64. Ke2 Ra8 65. Rh3 Re8 66. Rc1 Rf8
67. Bc3 Re8 68. Rg1 Rf7 69. Rhh1 Rg8 70. Kf2 Re8 71. Rc1 Rc7 72. Rc2 Rf8 73. Bd2
Re8 74. Nc1 Rf8 75. Ne2 Re8 76. Nc3 Rb8 77. Na4 Rcc8 78. Nc3 Rc7 79. Ne2 Re8 80.
Rc3 Rb8 81. Rb3 Rbb7 82. Nc3 b5 83. Ne2 a4 84. Rd3 Rf7 85. Rc3 Rfc7 86. Rc2 Rc8
87. Nc1 Nd7 88. Nd3 Nb6 89. Rg1 Nc4 90. Bb4 Bxb4 91. Nxb4 Rf7 92. Re2 Kd6 93.
Nd3 Re8 94. f4 Re6 95. Ne5 Rb7 96. g4 fxg4 97. Rxg4 c5 98. dxc5+ Kxc5 99. Nd3+
Kd6 100. Kf3 Rf7 101. Rg1 Rf5 102. Rh1 Rf7 103. Rg1 Rf5 104. Rxg7 Rxh5 105. Nf2
Rf5 106. Ra7 Kc5 107. Nd3+ Kb6 108. Rg7 Rh5 109. Nf2 Rf5 110. Nd3 Rh5 111. Nf2
Rf5 112. Nd3 1/2-1/2

[Event "Chigorin Memorial Open"]
[Site "St Petersburg RUS"]
[Date "2011.10.22"]
[Round "9.25"]
[White "Kovalev, Vladislav"]
[Black "Papin, Vasily"]
[Result "1/2-1/2"]
[WhiteTitle "FM"]
[BlackTitle "GM"]
[WhiteElo "2452"]
[BlackElo "2583"]
[WhiteFideId "13504398"]
[BlackFideId "4143183"]
[EventDate "2011.10.14"]

1. e4 c5 2. Nf3 e6 3. Nc3 a6 4. d4 cxd4 5. Nxd4 Qc7 6. Bd3 Nf6 7. O-O d6 8. Kh1
Nbd7 9. f4 b5 10. Qf3 Bb7 11. Bd2 Be7 12. a3 Nc5 13. Rae1 O-O 14. Qg3 Nfd7 15.
b4 Nxd3 16. cxd3 Bf6 17. Nb3 Rac8 18. Rc1 Qb8 19. Rc2 Rc7 20. Rfc1 Rfc8 21. Qf2
g6 22. Be1 Bg7 23. Qd2 f5 24. Bf2 Bxc3 25. Rxc3 Rxc3 26. Rxc3 Rxc3 27. Qxc3 fxe4
28. Nd4 Kf7 29. dxe4 Bxe4 30. Kg1 Qb7 31. g4 e5 32. fxe5 dxe5 33. Nb3 Qd5 34.
Nd2 Bh1 35. Qb3 Nf6 36. h3 Ke6 37. Be3 Kd7 38. Qxd5+ Bxd5 39. Kf2 Ke6 40. Ba7
Bc4 41. a4 Kd5 42. axb5 Bxb5 43. Be3 Nd7 44. Bh6 Kd4 45. Nf3+ Kc4 46. Ke3 Kxb4
47. Bg7 Kb3 48. Nxe5 Nc5 49. Nf3 a5 50. Bd4 Ne6 51. Be5 a4 52. Kd2 a3 53. h4 Nc5
54. h5 Ka2 55. Kc3 Bd7 56. Ng5 Kb1 57. Nxh7 a2 58. Kc4 Na4 59. Kb3 Nb6 60. Nf8
gxh5 61. gxh5 1/2-1/2

[Event "Chigorin Memorial Open"]
[Site "St Petersburg RUS"]
[Date "2011.10.22"]
[Round "9.27"]
[White "Kopylov, Alexander A."]
[Black "Epishin, Vladimir"]
[Result "1/2-1/2"]
[WhiteTitle "IM"]
[BlackTitle "GM"]
[WhiteElo "2444"]
[BlackElo "2544"]
[WhiteFideId "4164857"]
[BlackFideId "4162714"]
[EventDate "2011.10.14"]

1. d4 Nf6 2. c4 e6 3. Nf3 b6 4. g3 Ba6 5. b3 d5 6. cxd5 exd5 7. Bg2 Bb4+ 8. Bd2
Bd6 9. O-O O-O 10. Nc3 Re8 11. Re1 h6 12. Qc2 Bb7 13. Nb5 Na6 14. Rac1 Ne4 15.
Nxd6 Qxd6 16. Bf4 Qe6 17. Ne5 c5 18. Nd3 Rac8 19. dxc5 bxc5 20. Bd2 Qb6 21. Qb2
d4 22. Rc2 Nb4 23. Rcc1 a5 24. a3 Nxd3 25. exd3 Nxd2 26. Rxe8+ Rxe8 27. Qxd2
Bxg2 28. Kxg2 Qb7+ 29. Kg1 Qxb3 30. Qxa5 Qxd3 31. Qxc5 Qd2 32. Qc6 Qe2 33. Qc2
Qf3 34. Qd1 Qxa3 35. Rc4 Qa5 36. Qxd4 Re1+ 37. Kg2 Qa8+ 38. Kh3 Re8 39. Qd7 Rd8
40. Ra4 Qb8 41. Rb4 Qa8 42. Ra4 Qb8 43. Qc6 Qc8+ 44. Qxc8 Rxc8 45. Kg2 g6 46. h4
Rc5 47. Rb4 Kg7 48. Ra4 Re5 49. Rb4 Re7 50. Ra4 f6 51. Ra5 Kf7 52. Ra6 Rd7 1/2-1/2

[Event "Chigorin Memorial Open"]
[Site "St Petersburg RUS"]
[Date "2011.10.22"]
[Round "9.28"]
[White "Sergienko, Sergey"]
[Black "Mastrovasilis, Athanasios"]
[Result "0-1"]
[WhiteTitle "IM"]
[BlackTitle "GM"]
[WhiteElo "2415"]
[BlackElo "2529"]
[WhiteFideId "4115791"]
[BlackFideId "4201990"]
[EventDate "2011.10.14"]

1. e4 e5 2. Nf3 Nc6 3. Bb5 Nf6 4. O-O Nxe4 5. d4 Nd6 6. Bxc6 dxc6 7. dxe5 Nf5 8.
Qxd8+ Kxd8 9. Nc3 Ke8 10. h3 h5 11. Rd1 Be7 12. Bf4 Nh4 13. Nd4 Nf5 14. Nf3 Be6
15. Ng5 Rh6 16. a3 Bxg5 17. Bxg5 Rg6 18. Bf4 a6 19. Kh2 c5 20. Ne4 b6 21. Ng5
Nd4 22. Nxe6 Rxe6 23. c3 Nc6 24. Re1 Kf8 25. Rad1 Rae8 26. Rd7 R8e7 27. Rxe7
Nxe7 28. Bg3 Ng6 29. Kg1 Ne7 30. f3 Ke8 31. Rd1 g5 32. f4 Nf5 33. Kf2 g4 34.
hxg4 hxg4 35. Rh1 Rh6 36. Rxh6 Nxh6 37. Bh4 Nf5 38. Bf6 c4 39. Ke2 Kd7 40. a4 c6
41. Kf2 Ke6 42. Bd8 b5 43. axb5 cxb5 44. Ke2 Kd5 45. Bc7 Ke4 46. Bb8 Ne3 0-1

[Event "Chigorin Memorial Open"]
[Site "St Petersburg RUS"]
[Date "2011.10.22"]
[Round "9.29"]
[White "Rasulov, Vugar"]
[Black "Ponfilenok, Vladimir"]
[Result "1-0"]
[WhiteTitle "GM"]
[WhiteElo "2523"]
[BlackElo "2402"]
[WhiteFideId "13402390"]
[BlackFideId "24113522"]
[EventDate "2011.10.14"]

1. e4 e6 2. Qe2 c5 3. g3 Nc6 4. Bg2 d5 5. d3 Nd4 6. Qd1 Nf6 7. f4 dxe4 8. dxe4
e5 9. c3 Nc6 10. Qe2 Bg4 11. Nf3 Qd7 12. O-O O-O-O 13. Nbd2 Bd6 14. Nc4 Bc7 15.
a3 Rhe8 16. f5 Qd3 17. Qxd3 Rxd3 18. a4 Rd7 19. h3 Bxf3 20. Bxf3 Na5 21. Nxa5
Bxa5 22. Be3 c4 23. g4 Red8 24. g5 Ne8 25. f6 Rd3 26. fxg7 Nxg7 27. Bxa7 Ne6 28.
Bg4 Rg3+ 29. Kh1 Rxg4 30. hxg4 Nxg5 31. Be3 Nxe4 32. Rxf7 Rg8 33. Rg1 Bd8 34. g5
Nd6 35. Rxh7 Nf5 36. Rh3 Kd7 37. Rg4 Ke6 38. g6 Bf6 39. a5 Ne7 40. Rxc4 Rxg6 41.
Rb4 Kf5 42. Rf3+ 1-0